000 00533nam a2200193Ia 4500
005 20250326144449.0
008 250326s9999 xx 000 0 und d
037 _aTextbook
040 _aFMSL
_beng
_cFMSL
041 _aeng
_2eng
084 _aX:51 P7
_qFMSL
100 _aUpshaw L
_9749697
245 0 _aTruth : new rule for maketing in a skeptical world
_cUpshaw L
260 _aNY
_bNY, AMACOM
_c2007
365 _b1219.3064999999999
650 _aMarketing
942 _cTB
_hX:51 P7
999 _c1303789
_d1303789